UBT Library

An Atlas of surgical approaches to the bones of the horse / (Record no. 43328)

000 -LEADER
fixed length control field 00725cam a2200241 i 4500
001 - CONTROL NUMBER
control field 377104
005 - DATE AND TIME OF LATEST TRANSACTION
control field 20180223084728.0
008 - FIXED-LENGTH DATA ELEMENTS--GENERAL INFORMATION
fixed length control field 790613s1979 paua b 000 0 eng
010 ## - LIBRARY OF CONGRESS CONTROL NUMBER
LC control number 78064718
020 ## - INTERNATIONAL STANDARD BOOK NUMBER
International Standard Book Number 0721663621
040 ## - CATALOGING SOURCE
Original cataloging agency DLC
Transcribing agency DLC
Modifying agency DLC
041 ## - LANGUAGE CODE
Language code of text/sound track or separate title eng
060 ## - NATIONAL LIBRARY OF MEDICINE CALL NUMBER
Classification number SF955 M659s
080 ## - UNIVERSAL DECIMAL CLASSIFICATION NUMBER
Universal Decimal Classification number 636.1089
082 00 - DEWEY DECIMAL CLASSIFICATION NUMBER
Classification number 636.1089 MIL
100 1# - Rafti
Rafti 6
101 ## - Shkurtesa
Shkurtesa ANA
245 13 - TITLE STATEMENT
Title An Atlas of surgical approaches to the bones of the horse /
Statement of responsibility, etc Dennis W. Milne, A. Simon Turner ; text and cover ill. by Bud Kramer.
504 ## - BIBLIOGRAPHY, ETC. NOTE
Bibliography, etc Includes bibliographies and index.
740 0# - ADDED ENTRY--UNCONTROLLED RELATED/ANALYTICAL TITLE
Uncontrolled related/analytical title Surgical approaches to the bones of the horse.
906 ## - LOCAL DATA ELEMENT F, LDF (RLIN)
a 7
b cbc
c orignew
d 1
e opcn
f 19
g y-gencatlg
942 ## - ADDED ENTRY ELEMENTS (KOHA)
Source of classification or shelving scheme
Item type Books
Holdings
Withdrawn status Lost status Source of classification or shelving scheme Damaged status Not for loan Collection code Permanent location Current location Shelving location Date acquired Total Checkouts Full call number Barcode Date last seen Price effective from Koha item type
          Koleksioni i përgjithshem UBT - Lipjan UBT - Lipjan Koleksioni i lëndeve mesimore 02/23/2018   636.1089 MIL 002-2999673 02/23/2018 02/23/2018 Books
UBT Library © 2015-2024. All rights reserved University Education for Business and Technology